F-Letter Subdivisions of Africa - Statistics

General Stats
  • This quiz has been taken 19 times
    6 since last reset
  • The average score is 6 of 9
Answer Stats
Country Subdivision Type Answer % Correct
South Africa Province Free State
100%
Egypt Governorate Faiyum
75%
Cameroon Region Far North
75%
Guinea Region Faranah
50%
Senegal Region Fatick
50%
Nigeria Territory Federal Capital Territory
50%
Morocco Region Fès-Meknès
50%
Madagascar Region Fitovinany
50%
Botswana City Francistown
50%
No matching quizzes found
Score Distribution
Percent of People with Each Score
Percentile by Number Answered
Your Score History
You have not taken this quiz since the last reset